|
|
|
|
| LEADER |
01259nam a22003017a 4500 |
| 001 |
41209 |
| 003 |
BD-DhAAL |
| 005 |
20230516113123.0 |
| 008 |
230515t2004 ko d|||| |||| 00| 0 kor d |
| 020 |
|
|
|a 8935205095
|
| 040 |
|
|
|a BD-DhAAL
|d BD-DhAAL
|
| 082 |
|
|
|a 658.4092019
|2 21
|
| 100 |
|
|
|a Goleman, Daniel.
|
| 245 |
|
|
|a Primal leadership :
|b realizing the power of emotional intelligence /
|c Daniel Goleman ; translated by Suk Hun Jang... [et al.].
|
| 260 |
|
|
|a Seoul, Korean :
|b Chung Rim Publishing,
|c 2003.
|
| 300 |
|
|
|a 400 pages :
|b illustrations ;
|c 22 cm.
|
| 541 |
|
|
|a Complimentary copy from Dr. Sang Hoon Lee, Dean of Brac Business School, Brac University
|e 41209
|
| 650 |
|
|
|a Emotional Intelligence.
|9 11425
|
| 650 |
|
|
|a Leadership
|x Psychological aspects.
|
| 650 |
|
|
|a Management
|x Psychological aspects.
|9 54243
|
| 650 |
|
|
|a Executive ability.
|
| 700 |
|
|
|a Mckee, Annie
|9 54236
|
| 700 |
|
|
|a Boyatzis, Richard
|9 54237
|
| 700 |
|
|
|a Jang, Suk Hun
|9 54238
|
| 852 |
|
|
|a Ayesha Abed Library
|c General Stacks
|
| 942 |
|
|
|2 ddc
|c BK
|
| 999 |
|
|
|c 45759
|d 45759
|
| 952 |
|
|
|0 0
|1 0
|2 ddc
|4 0
|6 658_409201900000000_GOL
|7 0
|9 73637
|a BRACUL
|b BRACUL
|c GEN
|d 2023-05-15
|e Complimentary copy from Dr. Sang Hoon Lee
|l 0
|o 658.4092019 GOL
|p 3010041209
|r 2023-05-15
|t 1
|w 2023-05-15
|y BK
|